<?xml version="1.0" encoding="UTF-8"?>
<record
    xmlns:xsi="http://www.w3.org/2001/XMLSchema-instance"
    xsi:schemaLocation="http://www.loc.gov/MARC21/slim http://www.loc.gov/standards/marcxml/schema/MARC21slim.xsd"
    xmlns="http://www.loc.gov/MARC21/slim">

  <leader>00928nam a2200229Ia 4500</leader>
  <controlfield tag="003">IN-BaIIA</controlfield>
  <controlfield tag="008">211028s9999    xx            000 0 eng d</controlfield>
  <datafield tag="040" ind1=" " ind2=" ">
    <subfield code="c">IIA Library</subfield>
  </datafield>
  <datafield tag="080" ind1=" " ind2=" ">
    <subfield code="a">524.8(082.2)</subfield>
    <subfield code="b">THE</subfield>
  </datafield>
  <datafield tag="111" ind1=" " ind2=" ">
    <subfield code="a">Space Telescope Science Institute Symposium</subfield>
    <subfield code="c">Baltimore, Maryland</subfield>
    <subfield code="d">1999 May 3-6</subfield>
    <subfield code="9">25019</subfield>
  </datafield>
  <datafield tag="245" ind1=" " ind2="4">
    <subfield code="a">The Greatest explosions since the big bang</subfield>
    <subfield code="b">supernovae and gamma-ray bursts; poster papers from the Space Telescope Science Institute symposium held in Baltimore, Maryland, May 3-6, 1999</subfield>
    <subfield code="c">edited by Mario Livio, Nino Panagia and Kaliash Sahu</subfield>
  </datafield>
  <datafield tag="260" ind1=" " ind2=" ">
    <subfield code="a">Baltimore</subfield>
    <subfield code="b">Space Telescope Science Institute</subfield>
    <subfield code="c">1999</subfield>
  </datafield>
  <datafield tag="300" ind1=" " ind2=" ">
    <subfield code="a">iv, 79p.</subfield>
  </datafield>
  <datafield tag="650" ind1=" " ind2=" ">
    <subfield code="a">Black holes</subfield>
    <subfield code="9">7728</subfield>
  </datafield>
  <datafield tag="650" ind1=" " ind2=" ">
    <subfield code="a">Gamma ray bursts</subfield>
    <subfield code="9">10403</subfield>
  </datafield>
  <datafield tag="650" ind1=" " ind2=" ">
    <subfield code="a">P-cygni profiles</subfield>
    <subfield code="9">26179</subfield>
  </datafield>
  <datafield tag="650" ind1=" " ind2=" ">
    <subfield code="a">Supernovae</subfield>
  </datafield>
  <datafield tag="700" ind1=" " ind2=" ">
    <subfield code="a">Livio, Mario, ed.</subfield>
    <subfield code="9">13149</subfield>
  </datafield>
  <datafield tag="700" ind1=" " ind2=" ">
    <subfield code="a">Panagia, Nino, ed.</subfield>
    <subfield code="9">21396</subfield>
  </datafield>
  <datafield tag="700" ind1=" " ind2=" ">
    <subfield code="a">Sahu, Kailash., ed.</subfield>
    <subfield code="9">25020</subfield>
  </datafield>
  <datafield tag="942" ind1=" " ind2=" ">
    <subfield code="c">BK</subfield>
  </datafield>
  <datafield tag="999" ind1=" " ind2=" ">
    <subfield code="c">14668</subfield>
    <subfield code="d">14668</subfield>
  </datafield>
  <datafield tag="952" ind1=" " ind2=" ">
    <subfield code="0">0</subfield>
    <subfield code="1">0</subfield>
    <subfield code="4">0</subfield>
    <subfield code="7">0</subfield>
    <subfield code="a">BAN</subfield>
    <subfield code="b">BAN</subfield>
    <subfield code="c">GEN</subfield>
    <subfield code="d">2002-06-12</subfield>
    <subfield code="l">0</subfield>
    <subfield code="o">524.8(082.2)/ THE</subfield>
    <subfield code="p">15590</subfield>
    <subfield code="r">2021-11-05</subfield>
    <subfield code="w">2002-06-12</subfield>
    <subfield code="y">BK</subfield>
  </datafield>
</record>
